|
|
|
|
| LEADER |
00000cam a22000004a 4500 |
| 001 |
musev2_95402 |
| 003 |
MdBmJHUP |
| 005 |
20230905053151.0 |
| 006 |
m o d |
| 007 |
cr||||||||nn|n |
| 008 |
850311s1986 nju o 00 0 eng d |
| 010 |
|
|
|z 85002334
|
| 020 |
|
|
|a 9780813511306
|
| 020 |
|
|
|z 0813511305
|
| 040 |
|
|
|a MdBmJHUP
|c MdBmJHUP
|
| 245 |
0 |
4 |
|a The Marriage of Maria Braun :
|b Rainer Werner Fassbinder, Director /
|c Joyce Rheuban, editor.
|
| 264 |
|
1 |
|a New Brunswick, N.J. :
|b Rutgers University Press,
|c 1986.
|
| 264 |
|
3 |
|a Baltimore, Md. :
|b Project MUSE,
|c 0000
|
| 264 |
|
4 |
|c ©1986.
|
| 300 |
|
|
|a 1 online resource (290 pages):
|b illustrations ;
|
| 336 |
|
|
|a text
|b txt
|2 rdacontent
|
| 337 |
|
|
|a computer
|b c
|2 rdamedia
|
| 338 |
|
|
|a online resource
|b cr
|2 rdacarrier
|
| 490 |
0 |
|
|a Rutgers films in print ;
|v v. 4
|
| 505 |
0 |
|
|a The marriage of Maria Braun : history, melodrama, ideology / Joyce Rheuban -- A chronology of the years 1943-1954 -- Rainer Werner Fassbinder : a biographical sketch -- The marriage of Maria Braun -- Credits and cast -- The continuity scripts -- Notes on the shooting script -- Strong emotions : an interview with scriptwriter Peter Märthesheimer -- A letter to the editor / Peter Märthesheimer -- Interview with Rainer Werner Fassbinder : the decline of the BRD / Hans-Jürgen Jagau -- Responding to what you experience : an interview with the film directors Douglas Sirk and Rainer Werner Fassbinder / Ernst Burkel -- Six films by Douglas Sirk / Rainer Werner Fassbinder -- Reviews -- Philadelphia Inquirer / Douglas Keating -- Time / Frank Rich -- Women's Wear Daily / Christopher Sharp -- Stuttgarter Zeitung / Hans-Dieter Seidel -- Die Zeit / Peter W. Jansen -- Cineaste / Ruth McCormick -- Commentaries -- A star is born : Fassbinder and the new German cinema / Sheila Johnston -- Primary identification and the historical subject : Fassbinder and Germany / Thomas Elsaesser.
|
| 588 |
|
|
|a Description based on print version record.
|
| 630 |
0 |
7 |
|a Ehe der Maria Braun (Motion picture)
|2 nli
|
| 630 |
0 |
7 |
|a Ehe der Maria Braun (Motion picture)
|2 fast
|0 (OCoLC)fst01369056
|
| 630 |
0 |
6 |
|a Ehe der Maria Braun (Film cinematographique)
|
| 630 |
0 |
0 |
|a Ehe der Maria Braun (Motion picture)
|
| 600 |
1 |
7 |
|a Fassbinder, Rainer Werner,
|d 1945-1982.
|2 nli
|
| 600 |
1 |
7 |
|a Fassbinder, Rainer Werner,
|d 1945-1982.
|2 fast
|0 (OCoLC)fst01432993
|
| 600 |
1 |
6 |
|a Fassbinder, Rainer Werner,
|d 1946-1982
|x Critique et interpretation.
|
| 600 |
1 |
0 |
|a Fassbinder, Rainer Werner,
|d 1945-1982.
|
| 650 |
|
6 |
|a Cinema
|x Scenarios.
|
| 655 |
|
7 |
|a Scenarios de cinema.
|2 rvmgf
|
| 655 |
|
7 |
|a Screenplays.
|2 lcgft
|
| 655 |
|
7 |
|a Motion picture plays.
|2 gsafd
|
| 655 |
|
7 |
|a Screenplays.
|2 fast
|0 (OCoLC)fst01726675
|
| 655 |
|
7 |
|a screenplays.
|2 aat
|
| 655 |
|
7 |
|a Electronic books.
|2 local
|
| 700 |
1 |
|
|a Rheuban, Joyce.
|
| 700 |
1 |
|
|a Fassbinder, Rainer Werner,
|d 1945-1982.
|
| 730 |
0 |
|
|a Ehe der Maria Braun (Motion picture)
|
| 710 |
2 |
|
|a Project Muse.
|e distributor
|
| 830 |
|
0 |
|a Book collections on Project MUSE.
|
| 856 |
4 |
0 |
|z Texto completo
|u https://projectmuse.uam.elogim.com/book/95402/
|
| 945 |
|
|
|a Project MUSE - Custom Collection
|